All UK Cabinet Ministers under Rishi Sunak (2022-2024) - Statistics

General Stats
  • This quiz has been taken 146 times
  • The average score is 26 of 51
Answer Stats
Minister Title Years Name % Correct
Prime Minister 2022-2024 Rishi Sunak
98%
Chancellor of the Exchequer 2022-2024 Jeremy Hunt
93%
Home Secretary 2022-2023 Suella Braverman
89%
2023-2024 David Cameron
86%
Foreign Secretary 2022-2023 James Cleverly
84%
2023-2024 James Cleverly
84%
2023-2024 Oliver Dowden
81%
Chancellor of the Duchy of Lancaster 2022-2024 Oliver Dowden
81%
2023-2024 Grant Shapps
77%
Business Secretary 2022-2023 Grant Shapps
77%
Energy & Net Zero Secretary 2023 Grant Shapps
77%
Deputy Prime Minister 2022-2023 Dominic Raab
75%
Justice Secretary 2022-2023 Dominic Raab
75%
2023-2024 Kemi Badenoch
73%
International Trade Secretary 2022-2024 Kemi Badenoch
73%
Leader of the House of Commons 2022-2024 Penny Mordaunt
72%
Defence Secretary 2019-2023 Ben Wallace
69%
Minister for Immigration 2022-2023 Robert Jenrick
65%
Levelling-Up Secretary 2022-2024 Michael Gove
60%
Environment Secretary 2022-2023 Therese Coffey
53%
Work & Pensions Secretary 2022-2024 Mel Stride
51%
Education Secretary 2022-2024 Gillian Keegan
49%
Health Secretary 2022-2023 Steve Barclay
49%
2023-2024 Steve Barclay
49%
2023-2024 Victoria Atkins
48%
Scotland Secretary 2019-2024 Alister Jack
46%
Minister for Security 2022-2024 Tom Tugendhat
44%
Wales Secretary 2022-2024 David TC Davies
43%
2023-2024 Alex Chalk
42%
Minister for Veterans 2022-2024 Johnny Mercer
41%
Leader of the House of Lords 2022-2024 Lord True
41%
Culture Secretary 2022-2023 Michelle Donelan
41%
Science & Technology Secretary 2023 Michelle Donelan
41%
2023-2024 Michelle Donelan
41%
2023 Chloe Smith
38%
Minister without Portfolio 2022-2023 Nadhim Zahawi
38%
2023-2024 Claire Coutinho
37%
Transport Secretary 2022-2024 Mark Harper
37%
Northern Ireland Secretary 2022-2024 Chris Heaton-Harris
33%
Chief Whip 2022-2024 Simon Hart
31%
2023-2024 Esther McVey
30%
Minister for Development 2022-2024 Andrew Mitchell
28%
2023-2024 Lucy Frazer
28%
Minister of State without Portfolio 2022 Gavin Williamson
27%
2023-2024 Laura Trott
27%
Attorney General 2022-2024 Victoria Prentis
23%
2023 Greg Hands
20%
2023-2024 Richard Holden
19%
Chief Secretary to the Treasury 2022-2023 John Glen
16%
Minister for Illegal Migration 2023-2024 Michael Tomlinson
16%
Minister for the Cabinet Office 2022-2023 Jeremy Quin
12%
No matching quizzes found
Score Distribution
Percent of People with Each Score
Percentile by Number Answered
Your Score History
You have not taken this quiz